00466nam a2200133Ia 4500008004100000100002100041245009900062245002100161260005300182260000900235300001200244650001500256856006100271170221s9999 xx 000 0 und d aPin Lick Soo Hoo aExploring Culture Theory GLOBE in Cross-Cultural Communication in Asian Business Negotiations  cPin Lick Soo Hoo bInternational Review of Management and Marketing c2016 a15 : 22 xMarketing. uhttp://www.econjournals.com/index.php/irmm/issue/view/91